[Event "Game?"]
[Site "http://www.queenalice.com/game.php?id=154723"]
[Date "2007.1.16"]
[Round "-"]
[White "perple"]
[Black "bibicari"]
[Result "1-0"]
[WhiteElo "1789"]
[BlackElo "1979"]

1. d4 e6 2. c4 f5 3. g3 Nf6 4. Bg2 d5 5. Nc3 c6 6. Nf3 Bd6 7. b3 Qe7 8. O-O O-O
9. Bb2 b6 10. Re1 Bb7 11. e3 Nbd7 12. Ne2 Ne4 13. Nd2 Bb4 14. Bxe4 fxe4 15. a3
Bd6 16. b4 c5 17. bxc5 bxc5 18. f4 g5 19. Rf1 g4 20. Nc3 h5 21. Nb5 Ba6 22. Nxd6
Qxd6 23. Rc1 Rab8 24. dxc5 Nxc5 25. Be5 Qe7 26. Bxb8 Rxb8 27. f5 Nd3 28. f6 Qc5
29. f7+ Kf8 30. Rb1 Qxe3+ 31. Kg2 Rxb1 32. Nxb1 Bxc4 33. Qa4 Ne1+ 34. Kh1 Bxf1
35. Qe8+ 1-0

[Event "For sure !"]
[Site "http://www.queenalice.com/game.php?id=154777"]
[Date "2007.1.16"]
[Round "-"]
[White "bibicari"]
[Black "perple"]
[Result "1-0"]
[WhiteElo "1939"]
[BlackElo "1790"]

1. e4 c5 2. Nc3 Nc6 3. f4 g6 4. Nf3 Bg7 5. Bc4 e6 6. f5 Nge7 7. fxe6 fxe6 8. d3
d5 9. Bb3 b5 10. exd5 exd5 11. O-O c4 12. dxc4 dxc4 13. Qxd8+ Kxd8 14. Nxb5 cxb3
15. axb3 Ke8 16. Nc7+ Kf8 17. Nxa8 Nf5 18. Nc7 h6 19. c3 Kg8 20. Bf4 Kh7 21. b4
Rf8 22. b5 Nce7 23. Rxa7 g5 24. Be5 1-0

[Event "Franzoesisch"]
[Site "http://www.queenalice.com/game.php?id=157147"]
[Date "2007.1.21"]
[Round "-"]
[White "pimpi"]
[Black "bibicari"]
[Result "1/2-1/2"]
[WhiteElo "1863"]
[BlackElo "1967"]

1. d4 e6 2. c4 f5 3. g3 Nf6 4. Bg2 c6 5. Nf3 d5 6. O-O Bd6 7. b3 Qe7 8. a4 a5 9.
Ba3 Bxa3 10. Nxa3 O-O 11. Qd3 Na6 12. Ne5 Nb4 13. Qe3 Nd7 14. Rfd1 Nxe5 15. Qxe5
f4 16. e4 fxg3 17. fxg3 Qd8 18. Rd2 Bd7 19. Rf1 Rxf1+ 20. Kxf1 Qf8+ 21. Kg1 b6
22. Qc7 Qe7 23. Rd1 Rf8 24. cxd5 exd5 25. Qe5 Qd8 26. exd5 Rf5 27. dxc6 Rxe5 28.
dxe5 Nxc6 29. Bxc6 Qe7 30. Bxd7 Qxa3 31. Be6+ Kf8 32. Rf1+ Ke7 33. Bc4 Qc5+ 34.
Rf2 Qe3 35. Kg2 g5 36. Rf7+ Kd8 37. e6 g4 38. Rf8+ Ke7 39. Rf7+ Kd8 40. Rxh7
1/2-1/2

[Event "Challenge"]
[Site "http://www.queenalice.com/game.php?id=157299"]
[Date "2007.1.22"]
[Round "-"]
[White "technicaldraw"]
[Black "bibicari"]
[Result "0-1"]
[WhiteElo "1826"]
[BlackElo "1915"]

1. e4 e6 2. d4 d5 3. Nc3 Bb4 4. e5 c5 5. a3 Bxc3+ 6. bxc3 Ne7 7. Qg4 O-O 8. Bd3
Nbc6 9. Qh5 Ng6 10. Nf3 Qc7 11. Be3 c4 12. Bxg6 fxg6 13. Qg4 Bd7 14. h4 Rf5 15.
h5 gxh5 16. Rxh5 Rxh5 17. Qxh5 Be8 18. Qh3 Nd8 19. Kd2 Bg6 20. Nh4 Qf7 21. g4
Nc6 22. Rf1 Rf8 23. f4 Be4 24. Nf3 Qg6 25. Nh4 Qf7 26. f5 Nd8 27. f6 b5 28. g5
g6 29. Nf3 a5 30. Nh2 b4 31. cxb4 axb4 32. axb4 c3+ 33. Ke2 Qb7 34. Ng4 Qxb4 35.
Rf2 Qb5+ 36. Kd1 Nf7 37. Rh2 Qb1+ 38. Bc1 Nxg5 39. Qxc3 Bf3+ 0-1

[Event "Challenge"]
[Site "http://www.queenalice.com/game.php?id=158832"]
[Date "2007.1.25"]
[Round "-"]
[White "bibicari"]
[Black "technicaldraw"]
[Result "1-0"]
[WhiteElo "1957"]
[BlackElo "1889"]

1. e4 c6 2. d4 d5 3. e5 Bf5 4. Nf3 e6 5. Be2 h6 6. O-O Ne7 7. Be3 Nd7 8. b3 Ng6
9. c4 Bxb1 10. Rxb1 Be7 11. Qd2 Nh4 12. Nxh4 Bxh4 13. g3 Be7 14. f4 O-O 15. f5
exf5 16. Rxf5 g6 17. Rf2 1-0

[Event "Challenge"]
[Site "http://www.queenalice.com/game.php?id=161388"]
[Date "2007.1.31"]
[Round "-"]
[White "BboyH"]
[Black "bibicari"]
[Result "0-1"]
[WhiteElo "1722"]
[BlackElo "1942"]

1. e4 e6 2. d4 d5 3. e5 c5 4. c3 Qb6 5. Nf3 Nc6 6. b3 cxd4 7. cxd4 Bb4+ 8. Nbd2
Nxd4 9. a3 Nxf3+ 10. Qxf3 Qd4 11. Bb5+ Bd7 12. Bxd7+ Kxd7 13. Qxf7+ Ne7 14. Ra2
Raf8 15. Qh5 Qxf2+ 16. Kd1 Qxg2 17. Re1 Bxd2 18. Rxd2 Qf3+ 19. Qxf3 Rxf3 20. b4
Rhf8 21. Bb2 Rf2 22. Ree2 Rxe2 23. Rxe2 Rf5 24. Bd4 Nc6 25. Bc3 a6 26. h4 g5 27.
hxg5 Rxg5 28. a4 b5 29. axb5 axb5 30. Rf2 Ke7 31. Rf4 Nxe5 32. Ke2 Rf5 33. Rg4
Nxg4 0-1

[Event "Challenge"]
[Site "http://www.queenalice.com/game.php?id=163188"]
[Date "2007.2.3"]
[Round "-"]
[White "bibicari"]
[Black "moonspell"]
[Result "1-0"]
[WhiteElo "1961"]
[BlackElo "1934"]

1. e4 c5 2. Nc3 Nc6 3. f4 g6 4. Nf3 Bg7 5. Bc4 e6 6. e5 Nge7 7. Ne4 Na5 8. d3
Nxc4 9. dxc4 Nc6 10. Nd6+ Kf8 11. O-O 1-0

[Event "Two Queens ..."]
[Site "http://www.queenalice.com/game.php?id=164137"]
[Date "2007.2.6"]
[Round "-"]
[White "perple"]
[Black "bibicari"]
[Result "1-0"]
[WhiteElo "1812"]
[BlackElo "1987"]

1. d4 e6 2. c4 f5 3. g3 Nf6 4. Bg2 c6 5. Nf3 d5 6. O-O Bd6 7. b3 Qe7 8. Bb2 b6
9. Nbd2 Bb7 10. Ne5 O-O 11. Ndf3 Nbd7 12. cxd5 Nxd5 13. h4 f4 14. Nxd7 Qxd7 15.
g4 c5 16. Rc1 Rac8 17. g5 a5 18. a3 Ba6 19. Bh3 c4 20. Ne5 Bxe5 21. dxe5 cxb3
22. Re1 a4 23. f3 Rxc1 24. Bxc1 Rd8 25. Qd4 Qe8 26. Bxf4 Nxf4 27. Qxf4 Bc8 28.
Qc4 Rd5 29. f4 Rd2 30. f5 Rc2 31. Qd3 exf5 32. Bxf5 Bxf5 33. Qxf5 b5 34. e6 b4
35. Qd5 Qe7 36. axb4 b2 37. Rf1 Rc1 38. Qa8+ 1-0

[Event "Challenge"]
[Site "http://www.queenalice.com/game.php?id=167931"]
[Date "2007.2.13"]
[Round "-"]
[White "bhadz"]
[Black "bibicari"]
[Result "0-1"]
[WhiteElo "1499"]
[BlackElo "1964"]

1. e4 e6 2. Qf3 d5 3. exd5 Qxd5 4. Qxd5 exd5 5. d4 Bf5 6. c3 Bd6 7. f3 Nc6 8.
Bb5 Ne7 9. Nd2 a6 10. Bxc6+ Nxc6 11. g4 Bd3 12. Nh3 O-O-O 13. Ng5 Rde8+ 14. Kd1
f6 15. Nf7 Rhf8 16. Nxd6+ cxd6 17. Nb3 Be2+ 18. Kc2 Bxf3 19. Rg1 Re2+ 20. Bd2
Rxh2 0-1

[Event "Challenge"]
[Site "http://www.queenalice.com/game.php?id=187326"]
[Date "2007.3.25"]
[Round "-"]
[White "luizpessoa"]
[Black "bibicari"]
[Result "0-1"]
[WhiteElo "1638"]
[BlackElo "1972"]

1. f4 d5 2. Nf3 Nf6 3. e3 e6 4. a3 c5 5. Nc3 Nc6 6. Bb5 Bd7 7. d3 a6 8. Ba4 b5
9. Bb3 c4 10. Ba2 Bc5 11. d4 Bd6 12. b3 O-O 13. Bb1 Qc7 14. b4 Rfb8 15. Ne2 a5
16. c3 axb4 17. cxb4 Bxb4+ 18. Kf1 Bd6 19. Bb2 b4 20. axb4 Rxa1 21. Bxa1 Nxb4
22. Bc3 Nd3 23. h3 Ne4 24. Be1 Nxe1 25. Bxe4 Nxf3 26. Bxf3 c3 27. Kf2 c2 28. Qa1
Qb7 29. Nc3 Ra8 30. Qc1 Qb3 31. Nd1 cxd1=Q 32. Qxd1 Ra2+ 33. Kg3 Qxe3 34. Qb1
Bxf4+ 35. Kg4 e5+ 36. Kh5 g6+ 37. Kh4 Bg5+ 38. Kg3 Qf4# 0-1

[Event "Challenge"]
[Site "http://www.queenalice.com/game.php?id=187327"]
[Date "2007.3.25"]
[Round "-"]
[White "bibicari"]
[Black "luizpessoa"]
[Result "1-0"]
[WhiteElo "1966"]
[BlackElo "1657"]

1. e4 c5 2. Nc3 Nc6 3. f4 d6 4. Nf3 Bg4 5. Bb5 a6 6. Bxc6+ bxc6 7. O-O e6 8. d3
d5 9. h3 dxe4 10. Nxe4 Bxf3 11. Qxf3 Be7 12. f5 exf5 13. Qxf5 Nf6 14. Nxf6+ Bxf6
15. Re1+ Kf8 16. Qxc5+ Kg8 17. c3 g6 18. Bh6 Rb8 19. Re2 Qxd3 20. Rae1 Qd7 21.
Qe3 Bg7 22. Qe8+ Rxe8 23. Rxe8+ Qxe8 24. Rxe8+ Bf8 25. Rxf8# 1-0

[Event "Thriller"]
[Site "http://www.queenalice.com/game.php?id=187396"]
[Date "2007.3.25"]
[Round "-"]
[White "perple"]
[Black "bibicari"]
[Result "0-1"]
[WhiteElo "1869"]
[BlackElo "1981"]

1. d4 e6 2. e4 d5 3. Nc3 Bb4 4. e5 c5 5. a3 Bxc3+ 6. bxc3 Ne7 7. Qg4 O-O 8. Bd3
Nbc6 9. Qh5 Ng6 10. Nf3 Qc7 11. Be3 c4 12. Bxg6 fxg6 13. Qg4 Bd7 14. h4 Rf5 15.
h5 gxh5 16. Rxh5 Rxh5 17. Qxh5 Be8 18. Qh3 Nd8 19. Ng5 h6 20. Nxe6 Qa5 21. Kd2
Bd7 22. f4 Nxe6 23. f5 Nf8 24. e6 Be8 25. e7 Nh7 26. Bf4 Nf6 27. Rf1 Ne4+ 28.
Ke2 Qxc3 29. Qxc3 Nxc3+ 30. Kf3 Ne4 31. Be5 Nd2+ 0-1

[Event "White Spirit"]
[Site "http://www.queenalice.com/game.php?id=187397"]
[Date "2007.3.25"]
[Round "-"]
[White "bibicari"]
[Black "perple"]
[Result "1-0"]
[WhiteElo "1995"]
[BlackElo "1891"]

1. e4 c5 2. Nc3 Nc6 3. f4 g6 4. Nf3 Bg7 5. Bc4 e6 6. O-O Nge7 7. e5 d5 8. exd6
Qxd6 9. d3 O-O 10. Qe1 b6 11. Ng5 Nf5 12. Nce4 Bd4+ 13. Kh1 Qe7 14. g4 Nh6 15.
Qh4 Bg7 16. f5 exf5 17. gxf5 Bxf5 18. Ng3 Nd4 19. c3 Qb7+ 20. Kg1 Nc2 21. Rb1 b5
22. Bxf7+ Rxf7 23. Nxf7 Nxf7 24. Nxf5 gxf5 25. Rxf5 Qd7 26. Rf2 Ne1 27. Bd2 Nxd3
28. Rg2 Nde5 29. Rf1 Ng6 30. Qf2 Qd5 31. Rg3 Nfe5 32. Qg2 Rd8 33. Qxd5+ Rxd5 34.
Be3 a5 35. b3 Nd3 36. c4 bxc4 37. bxc4 Re5 38. Bd2 Nb2 39. Bxa5 Nxc4 40. Bc3 Re3
41. Bxg7 Rxg3+ 42. hxg3 Kxg7 43. Rc1 Nge5 44. a4 Kf6 45. a5 Ke6 46. a6 Kd6 47.
a7 Nb6 48. Ra1 Na8 49. Rb1 Nd7 50. Rb8 Ndb6 51. Rh8 c4 52. Rxh7 c3 53. Rh2 Kc5
54. g4 Nc8 55. g5 Nxa7 56. g6 Nc6 57. Re2 Nd4 58. Ra2 Ne6 59. Rxa8 Kb4 60. Rc8
Kb3 61. Kf2 c2 62. Ke1 1-0

[Event "Challenge"]
[Site "http://www.queenalice.com/game.php?id=196875"]
[Date "2007.4.14"]
[Round "-"]
[White "jdieguezgrm"]
[Black "bibicari"]
[Result "0-1"]
[WhiteElo "1707"]
[BlackElo "2012"]

1. e4 e6 2. d4 d5 3. e5 c5 4. Nf3 Nc6 5. Be3 Qb6 6. dxc5 Qxb2 7. Nbd2 Nxe5 8.
Bd4 Nxf3+ 9. Nxf3 Qb4+ 10. c3 Qa5 11. Qb3 Nf6 12. Qb4 Qc7 13. Bxf6 gxf6 14. Rb1
Bxc5 15. Bb5+ Bd7 16. Bxd7+ Kxd7 17. Qxb7 Rab8 18. Qxc7+ Kxc7 19. O-O Rxb1 20.
Rxb1 Rb8 21. Rxb8 Kxb8 22. Nd2 Kc7 23. Kf1 Kd6 24. f3 f5 25. Ke2 f6 26. Kd3 e5
27. c4 e4+ 28. fxe4 fxe4+ 29. Ke2 f5 30. cxd5 Kxd5 31. h3 h5 32. Kf1 f4 33. Ke2
h4 34. Kf1 a5 35. Ke2 a4 36. Kf1 Kd4 37. Ke2 Bb4 38. Nf1 Kc3 39. Nd2 Kb2 40.
Nxe4 Kxa2 41. Kf3 Kb2 0-1

[Event "Challenge"]
[Site "http://www.queenalice.com/game.php?id=206659"]
[Date "2007.5.5"]
[Round "-"]
[White "lolothebest"]
[Black "bibicari"]
[Result "0-1"]
[WhiteElo "1554"]
[BlackElo "1993"]

1. e4 e6 2. Qf3 d5 3. d3 c5 4. e5 Qb6 5. Nh3 Nc6 6. Qf4 Nge7 7. Ng5 Nf5 8. c4
Ncd4 9. Na3 f6 10. exf6 gxf6 11. Nf3 Bh6 12. Qg4 Nxf3+ 13. Qxf3 Bxc1 14. Rxc1
Qxb2 15. Rd1 Qxa3 16. cxd5 Qc3+ 17. Rd2 h5 18. dxe6 Bxe6 19. Qe4 Qe5 20. Be2
Qxe4 21. dxe4 Nd4 22. O-O Nxe2+ 23. Rxe2 O-O-O 24. e5 Bc4 25. Rc2 Bxf1 26. Kxf1
b6 27. e6 Rhe8 28. Re2 Rd1+ 29. Re1 Rxe1+ 30. Kxe1 Rxe6+ 31. Kf1 c4 32. h4 c3
33. g4 c2 0-1

[Event "Brasil X France"]
[Site "http://www.queenalice.com/game.php?id=210458"]
[Date "2007.5.13"]
[Round "-"]
[White "marcos_excel"]
[Black "bibicari"]
[Result "0-1"]
[WhiteElo "1740"]
[BlackElo "2007"]

1. Nc3 e6 2. e4 d5 3. Bd3 Nf6 4. Nf3 c5 5. e5 Nfd7 6. Bb5 Nc6 7. O-O Be7 8. Bxc6
bxc6 9. d4 O-O 10. Be3 cxd4 11. Qxd4 Bc5 12. Qd3 Bxe3 13. Qxe3 f6 14. exf6 Nxf6
15. Qg5 Qc7 16. Rad1 c5 17. a4 Bd7 18. Rfe1 Rab8 19. Rb1 a6 20. b3 Qa5 21. Ne2
Ne4 22. Qe7 Rb7 23. Ra1 Bc8 24. Qh4 Rbf7 25. Red1 Rxf3 26. gxf3 Rxf3 27. Qe7 Qb6
28. Rf1 Nd2 29. Rfd1 Qb4 30. Rdc1 Qg4+ 31. Ng3 Rf8 32. Rd1 Nf3+ 33. Kh1 Qh3 34.
Nf1 Nh4 35. Ne3 Qf3+ 36. Kg1 Qxf2+ 37. Kh1 Qf3+ 38. Kg1 Qxe3+ 39. Kh1 Qf3+ 40.
Kg1 Qg2# 0-1

[Event "Challenge"]
[Site "http://www.queenalice.com/game.php?id=217035"]
[Date "2007.5.27"]
[Round "-"]
[White "corinthians2"]
[Black "bibicari"]
[Result "1/2-1/2"]
[WhiteElo "2110"]
[BlackElo "2005"]

1. e4 e6 2. Nf3 d5 3. e5 c5 4. b4 cxb4 5. a3 Nc6 6. axb4 Bxb4 7. c3 Be7 8. d4 f6
9. Bd3 fxe5 10. dxe5 Qc7 11. O-O Nxe5 12. Nxe5 Qxe5 13. Bb5+ Kf7 14. f4 Qc7 15.
Bd3 Nf6 16. Qc2 Rf8 17. Bxh7 Nxh7 18. Qxh7 Bf6 19. Ba3 Rd8 20. Kh1 b6 21. Nd2
Ba6 22. Rfe1 Rh8 23. Qc2 Qxf4 24. Nf3 Bc4 25. Bc1 Qc7 26. h3 a5 27. Ng5+ Bxg5
28. Bxg5 Rh5 29. Be3 b5 30. Qf2+ Kg8 31. Bb6 Qf7 32. Qxf7+ Kxf7 33. Rxa5 Rxa5
34. Bxa5 e5 35. Bc7 e4 36. Bb6 g5 37. Kg1 g4 38. hxg4 Rg5 39. Kf2 Rxg4 40. g3
Rg8 41. Rg1 Rb8 42. Bd4 b4 43. cxb4 Rxb4 44. Rd1 Kg6 45. Ra1 Kf5 46. Ra8 Rb1
1/2-1/2

[Event "Challenge"]
[Site "http://www.queenalice.com/game.php?id=219110"]
[Date "2007.6.1"]
[Round "-"]
[White "headhunter"]
[Black "bibicari"]
[Result "1-0"]
[WhiteElo "2129"]
[BlackElo "2016"]

1. e4 e6 2. d4 d5 3. Nc3 Bb4 4. e5 c5 5. a3 Bxc3+ 6. bxc3 Ne7 7. Qg4 O-O 8. Bd3
Nbc6 9. Nf3 f5 10. exf6 Rxf6 11. Bg5 e5 12. Qh4 e4 13. Bxf6 exd3 14. Qg5 Qf8 15.
Bxe7 Qxe7+ 16. Qxe7 Nxe7 17. cxd3 cxd4 18. Nxd4 Nf5 19. Nxf5 Bxf5 20. Kd2 Re8
21. Rhe1 Rxe1 22. Rxe1 Kf7 23. Re5 Be6 24. f4 Kf6 25. Ke3 h6 26. Kd4 g5 27.
fxg5+ 1-0